[Event "Cochabamba GP op 4th"]
[Site "Cochabamba"]
[Date "2023.09.09"]
[Round "6"]
[White "Coro, Soledad"]
[Black "Cuellar Cruz, Nicolas"]
[Result "1-0"]
[WhiteElo "1660"]
[BlackElo "1295"]
[PlyCount "65"]
[EventDate "2023.09.07"]
[EventType "swiss"]
[EventRounds "7"]
[EventCountry "BOL"]
[SourceTitle "CBM 216 Extra"]
[Source "ChessBase"]
[SourceDate "2023.11.30"]
[SourceVersion "1"]
[SourceVersionDate "2023.11.30"]
[SourceQuality "1"]

1. b3 d5 2. Bb2 Bf5 3. Nf3 Nf6 4. d3 e6 5. c4 c6 6. g3 Nbd7 7. Bg2 Be7 8. 0-0 0-0 9. Nbd2 Ne8 10. e4 dxe4 11. dxe4 Bg6 12. Qc2 Nc5 13. Ne5 Bf6 14. Nxg6 Nd3 15. Bxf6 Nxf6 16. Qc3 hxg6 17. Rfd1 Ng4 18. Rf1 Nge5 19. Nf3 Qf6 20. Nxe5 Nxe5 21. f4 Nd7 22. e5 Qe7 23. b4 f6 24. exf6 gxf6 25. Rae1 e5 26. c5 a5 27. a3 axb4 28. axb4 Ra2 29. Bh3 Re8 30. Qb3+ Qf7 31. Qxf7+ Kxf7 32. Bxd7 Rd8 33. fxe5 1-0